Bồi dưỡng nội dung và phương pháp giảng dạy giáo dục 11

Na minha lista:
Detalhes bibliográficos
Autor principal: VŨ HỒNG TIẾN
Formato: Livro
Idioma:Undetermined
Publicado em: H. ĐHQG 1999
Assuntos:
Tags: Adicionar Tag
Sem tags, seja o primeiro a adicionar uma tag!
Thư viện lưu trữ: Trung tâm Học liệu Trường Đại học Cần Thơ
LEADER 00566nam a2200181Ia 4500
001 CTU_52947
008 210402s9999 xx 000 0 und d
020 |b 15500 
082 |a 370.115 
082 |b T305 
100 |a VŨ HỒNG TIẾN 
245 0 |a Bồi dưỡng nội dung và phương pháp giảng dạy giáo dục 11 
245 0 |c VŨ HỒNG TIẾN 
260 |a H. 
260 |b ĐHQG 
260 |c 1999 
650 |a moral education ( secondary ),educational accountability 
980 |a Trung tâm Học liệu Trường Đại học Cần Thơ